Rodolfo Azaro. Retrospectiva marzo-mayo 2004 (Record no. 565)
[ view plain ]
| 000 -LEADER | |
|---|---|
| campo de control de longitud fija | 00571nam a22001337a 4500 |
| 008 - DATOS DE LONGITUD FIJA--INFORMACIÓN GENERAL | |
| campo de control de longitud fija | 150508b xxu||||| |||| 00| 0 eng d |
| 082 ## - NÚMERO DE LA CLASIFICACIÓN DECIMAL DEWEY | |
| Número de clasificación | 708 |
| Número de ítem | A 992r |
| 100 ## - ENTRADA PRINCIPAL--NOMBRE DE PERSONA | |
| Nombre de persona | Azaro, Rodolfo |
| 9 (RLIN) | 2565 |
| 245 ## - MENCIÓN DEL TÍTULO | |
| Título | Rodolfo Azaro. Retrospectiva marzo-mayo 2004 |
| Mención de responsabilidad, etc. | Azaro, Rodolfo; Taricco, Clelia (curadora) |
| 260 ## - PUBLICACIÓN, DISTRIBUCIÓN, ETC. | |
| Lugar de publicación, distribución, etc. | Londres |
| Nombre del editor, distribuidor, etc. | LatinGráfica |
| Fecha de publicación, distribución, etc. | 2004 |
| 300 ## - DESCRIPCIÓN FÍSICA | |
| Extensión | 110 p. |
| Otras características físicas | ill. (col) |
| Dimensiones | 22x28 cm |
| 650 ## - PUNTO DE ACCESO ADICIONAL DE MATERIA--TÉRMINO DE MATERIA | |
| Subdivisión general | Azaro, Rodolfo Ramón-1938-1987-Exhibiciones |
| -- | Surrealismo-Argentina-Exhibiciones |
| -- | Dibujo Argentino-siglo 20-Exhibiciones |
| 9 (RLIN) | 2566 |
| 700 ## - ENTRADA AGREGADA--NOMBRE PERSONAL | |
| Nombre de persona | Rodolfo Azaro; Clelia Taricco (curadora) |
| 9 (RLIN) | 2567 |
| Estatus retirado | Estado de pérdida | Fuente del sistema de clasificación o colocación | Estado de daño | No para préstamo | Biblioteca de origen | Biblioteca actual | Ubicación en estantería | Fecha de adquisición | Total de préstamos | Signatura topográfica completa | Código de barras | Visto por última vez | Precio de reemplazo | Tipo de ítem Koha |
|---|---|---|---|---|---|---|---|---|---|---|---|---|---|---|
| Clasificación Decimal Dewey | Biblioteca LadoV | Biblioteca LadoV | 08/05/2015 | 708 A 992r | 000589 | 08/05/2015 | 08/05/2015 | Material 01 |
